01044 2200313 4500001002100000005001500021035002000036008004100056100001600097245010000113300003700213020002200250082001300272084002200285090001200307250001500319264003600334336002100370337003000391338002300421490002600444520010200470650004200572700003700614700002900651990001800680990001600698990001600714INLIS00000000001758220240827084629 a0010-0619017582240827 a 1 ind 0 aAli Muakhir1 aAku berani ke dokter /cAli Muakhir; penyunting, Ana Puspita Dewiyana; ilustrator, Ade Prihatna a28 halaman :bilustrasi ;c18 cm a978-979-26-9355-3 a899.2213 aSR 899.2213 ALI a 99.221.3 aCetakan 12 aBandung :bPelangi Mizan,c2022 2rdacontentaTeks 2rdamediaaTanpa perantara 2rdacarrieraVolume aHalo balita selp help abuku ini berguna untuk melatih anak untuk tidak takut diperiksa oleh dokter dan berani minum obat 4aFiksi Indonesia -- Bacaan kanak-kanak0 aAna Puspita Dewiyanaepenyunting0 aAde Prihatnaeilustrator a022241.036408 a53242.66062 a53243.66063